| 000 | 00340nam a22001337a 4500 | ||
|---|---|---|---|
| 008 | 250314b |||||||| |||| 00| 0 eng d | ||
| 020 | _a0719544998 | ||
| 050 |
_aHC415.5 _b.M35 |
||
| 100 | _aMCLACHIAN, Keith | ||
| 245 | _aOil and Development in the Gulf | ||
| 260 |
_aLondon _bJohn Murray Publishers _c1989 |
||
| 300 | _av, 58p. | ||
| 942 | _cBK | ||
| 999 |
_c2327 _d2327 |
||